| 000 | 00590nam a22001577a 4500 | ||
|---|---|---|---|
| 999 |
_c11647 _d11647 |
||
| 008 | 181214b ||||| |||| 00| 0 eng d | ||
| 082 |
_22018 _aUT 1107 _bD44 |
||
| 100 |
_933314 _aDequito, Marl Lemuel Ayag |
||
| 245 |
_aDigos city web-based crime reporting with geo-mapping/ _cMark Lemuel Ayag Dequito and Jamalia Pacasem |
||
| 260 |
_aDigos City: _bUMDC _cApril 2018 |
||
| 300 |
_a121 pages; _b29 cm. |
||
| 650 | 0 |
_933333 _aTechnical Programs _vInformation Technology _xUndergraduate Thsis |
|
| 700 |
_933315 _aDequito, Mark Lemuel Ayag |
||
| 700 |
_933316 _aPacasem, Jamalia |
||
| 942 |
_2ddc _cUT |
||